000 00741nam a2200217Ia 4500
003 GCL
008 140319s9999 xx 000 0 ara d
040 _aGCL /
_cGCL
082 0 4 _a939.5
_bف ا
100 1 _aفايز نجيب اسكندر
245 1 0 _aاستيلاء السلاجقة على عاصمة ارمينية(انى) سنة456 ه\1064 م /
_cفايز نجيب اسكندر
260 _a[S.N] :
_bدار الفكر الجامعى ،
_c1987
300 _a51
490 _aدراسات فى تاريخ ارمنية
_v0
650 0 4 _aالفتوحات الاسلامية
650 0 4 _aارمينيا
650 0 4 _aالتاريخ الاسلامى
650 0 4 _aالتاريخ
650 0 4 _aالسلاجقة
942 _2ddc
_cBK
999 _c30796
_d30796